| 000 | 00494nam a2200193Ia 4500 | ||
|---|---|---|---|
| 005 | 20231011102808.0 | ||
| 008 | 131103s9999 xx 000 0 und d | ||
| 020 | _aSBN:241891647 | ||
| 040 | _aLoreto College | ||
| 041 | _aEnglish | ||
| 082 |
_aF _bSIM |
||
| 100 | _aSimenon,Georges | ||
| 245 |
_aMaigret Victorious _b a sixth omnibus _cGeorges Simenon |
||
| 260 |
_aLondon _bHamish Hamilton _c1975 |
||
| 300 | _a281 p. | ||
| 650 | _aFiction in English | ||
| 850 | _aLCLIB | ||
| 942 | _cBK | ||
| 999 |
_c15178 _d65657 |
||